|
|
|
|
| LEADER |
00693cam a2200193 7i4500 |
| 001 |
0000021034 |
| 005 |
20170218090000.0 |
| 008 |
080310 eng |
| 020 |
|
|
|a 1597490873 (pbk.)
|
| 020 |
|
|
|a 9781597490870
|
| 090 |
0 |
0 |
|a QA76.9.A25
|b H34 2006
|
| 245 |
0 |
0 |
|a How to cheat at securing a wireless network
|c Chris Hurley...[et al.].
|
| 260 |
|
|
|a Rockland, Mass.:
|b Syngress,
|c 2006.
|
| 300 |
|
|
|a xxv, 453 p.:
|b ill.;
|c 23 cm.
|
| 500 |
|
|
|a Includes index
|
| 650 |
0 |
0 |
|a Wireless LANs --
|x Security measures
|
| 700 |
1 |
|
|a Hurley, Chris
|
| 997 |
|
|
|a Communication, Visual Art & Computing, Faculty
|b Computing, Department
|
| 999 |
|
|
|a 0000030422
|b BOK
|c OPEN SHELF
|e 2nd Floor, Bestari Jaya
|